| 000 | 00725nam a2200241 i 4500 | ||
|---|---|---|---|
| 001 | BD-DhSAU 5155 | ||
| 003 | BD-DhSAU | ||
| 005 | 20150411162139.0 | ||
| 008 | 780207s1999 -usa rb 001 0 eng | ||
| 020 | _a1566704529 | ||
| 040 | _aBD-DhSAU | ||
| 082 | 0 | 0 |
_a363.739 _222 _bSOI |
| 245 | 1 | 0 |
_aSoils and ground water pollution and remediation : _cP M Huang and I K Iskandar _bAsia, Africa and Oceania / |
| 260 |
_aNew York : _bLewis Pub. , _cc1999. |
||
| 300 |
_aix, 386 p. : _bill. ; _c26 cm. |
||
| 504 | _aInclude bibliographical references and index. | ||
| 590 | _aerfat | ||
| 650 | _aSoils science. | ||
| 650 | _aGround water pollution. | ||
| 650 | _aRemediation. | ||
| 700 | _aHuang, P M | ||
| 700 | _aIskandar, I K | ||
| 942 |
_2ddc _cBOOK |
||
| 999 |
_c5155 _d5155 |
||